|
|
|
|
| LEADER |
00000nam0a2200000 4500 |
| 001 |
318077 |
| 005 |
20231102003036.0 |
| 035 |
|
|
|a (RuTPU)RU\TPU\book\343558
|
| 090 |
|
|
|a 318077
|
| 100 |
|
|
|a 20160420d1958 m y0rusy50 ca
|
| 101 |
0 |
|
|a rus
|
| 102 |
|
|
|a RU
|
| 105 |
|
|
|a a j 001zy
|
| 200 |
1 |
|
|a Теоретические основы электротехники. Лекции и упражнения
|e [учебное пособие]
|f Л. А. Бессонов
|g Всесоюзный заочный энергетический институт (ВЗЭИ)
|h Ч. 3
|
| 210 |
|
|
|a Москва
|d 1958
|
| 215 |
|
|
|a 208 с.
|c ил.
|
| 320 |
|
|
|a Библиогр.: с. 204
|
| 520 |
1 |
|
|a Основы теории электромагнитного поля
|
| 606 |
1 |
|
|a Электротехника теоретическая
|2 stltpush
|3 (RuTPU)RU\TPU\subj\20909
|9 45970
|
| 610 |
1 |
|
|a электростатическое поле
|
| 610 |
1 |
|
|a закон Кулона
|
| 610 |
1 |
|
|a закон Ома
|
| 610 |
1 |
|
|a магнитное поле
|
| 610 |
1 |
|
|a постоянный ток
|
| 610 |
1 |
|
|a переменный электромагнитный ток
|
| 610 |
1 |
|
|a уравнения
|
| 610 |
1 |
|
|a волноводы
|
| 675 |
|
|
|a 621.3.01(075.8)
|v 4
|
| 700 |
|
1 |
|a Бессонов
|b Л. А.
|
| 712 |
0 |
2 |
|a Всесоюзный заочный энергетический институт (ВЗЭИ)
|c (Москва)
|c (1947-1967)
|2 stltpush
|3 (RuTPU)RU\TPU\col\14362
|
| 801 |
|
1 |
|a RU
|b 63413507
|c 20160420
|
| 801 |
|
2 |
|a RU
|b 63413507
|c 20171031
|g RCR
|
| 942 |
|
|
|c BK
|